The VietNam experience: Pawns of war (Cambodia and Laos)

Uloženo v:
Podrobná bibliografie
Hlavní autor: Arnold R Isaacs
Médium: Kniha
Jazyk:Undetermined
Vydáno: Boston, Massachusetts Boston 1987
Témata:
Tagy: Přidat tag
Žádné tagy, Buďte první, kdo otaguje tento záznam!
Thư viện lưu trữ: Trung tâm Học liệu Trường Đại học Cần Thơ
LEADER 00637nam a2200181Ia 4500
001 CTU_20015
008 210402s9999 xx 000 0 und d
082 |a 959.6 
082 |b I.73 
100 |a Arnold R Isaacs 
245 4 |a The VietNam experience: Pawns of war (Cambodia and Laos) 
245 0 |c Arnold R Isaacs, Gordon Hardy, MacAlister Brown 
260 |a Boston, Massachusetts 
260 |b Boston 
260 |c 1987 
650 |a cambodia - history - 1975-,cambodia - history - 20th century,laos - history - 1975-,laos - history - 20th century 
904 |i Minh, 971205 
980 |a Trung tâm Học liệu Trường Đại học Cần Thơ